000 00784nam a2200205Ii 4500
003 JO-AjNU
008 230605s9999||||xx |||||||||||||| ||und||
017 _a1994/8/835
040 _aJO-AjNU
_bara
_erda
_cJO-AjNU
041 _aara
050 1 4 _aHF 5686 .C7.R34 1994
100 3 _aالراعي، زياد خليل,
_eauthor
_945196
245 0 0 _aالمحاسبة المتقدمة ج1: محاسبة دمج الشركات وعمليات العملات الاجنبية
264 3 1 _aعمان: Sky Institute of Technology،1994
300 _aج1، 809ص
_bيحتوي على ببلوغرافية من ص805-809ص
336 _atext
_btxt
_2rdacontent
337 _aunmediated
_bn
_2rdamedia
338 _avolume
_bnc
_2rdacarrier
650 4 _aالمحاسبة المتقدمة
_945197
999 _aA19573
_c23141
_d23141